| 000 | 00444nam a2200193Ia 4500 | ||
|---|---|---|---|
| 008 | 170918s9999 xx 000 0 und d | ||
| 020 | _a978059042694x | ||
| 050 | _bC927 1978 | ||
| 100 | _aCrews, Donald | ||
| 245 | _aFreight train / | ||
| 245 | _cby Donald Crews. | ||
| 260 | _aNew York : | ||
| 260 | _bScholastic, | ||
| 260 | _c1978 | ||
| 300 | _aunpaged : | ||
| 300 | _bcolored illustration ; | ||
| 300 | _c20cm. | ||
| 500 | _a500 | ||
| 999 |
_c343051 _d343051 |
||